Najwięcej wygranych wyścigów w Formule 1 - Statystyki

Ogólne statystyki
  • Ten quiz został rozwiązany 184 razy
  • Średni wynik to 5 z 5
Statystyki odpowiedzi
Miejsce Kierowca Kraj Liczba zwycięstw % Poprawnych
1 Lewis Hamilton Wielka Brytania 103
100%
3 Max Verstappen Holandia 55
97%
2 Michael Schumacher Niemcy 91
96%
4 Sebastian Vettel Niemcy 53
89%
5 Alain Prost Francja 51
68%
Nie znaleziono quizów pasujących do podanych kryteriów
Rozkład punktacji
Procent ludzi z każdym wynikiem
Percentyl według liczby udzielonych odpowiedzi
Twoja historia wyników
Nie rozwiązałeś tego quizu